Cenný príspevok od priateľov K hosťovaniu moskovského divadla Sovremennik v Bratislave

Bibliographic Details
Main Author: Stanček, Ľubomír (Author)
Format: Article
Language:Slovak
PhysicalDescription:Obr. 2.
Subjects:

MARC

LEADER 00000nab a2200000 a 4500
001 vtls000199451
003 SK-MaSNL
005 20260302205041.0
008 111106c1984 xo 0 slo
015 |a SNBRB19rr/mm-uuuuu 
035 |a CL0209564 
040 |a SNKBUCL  |b slo  |c SNKBUCL  |e AACR2 
041 0 |a slo 
044 |a xo  |c SK 
080 |a 792  |2 1981 
080 |a 792.2  |2 1981 
100 1 |a Stanček, Ľubomír  |4 aut  |9 267870 
245 1 0 |a Cenný príspevok od priateľov  |b K hosťovaniu moskovského divadla Sovremennik v Bratislave  |c Ľubomír Stanček 
300 |b Obr. 2. 
650 0 7 |a Sovremennik, Moskva  |2 snkbucl  |9 921773 
651 7 |a 5100  |2 snkbucl  |9 166206 
655 7 |a články z novín a časopisov  |2 snkbucl  |9 267496 
773 0 |t Smena  |g Roč. 37, č. 273 (17. 11. 1984), s. 6 
850 |a Slovenská národná knižnica v Martine  |a MTA001 
852 |a SNK  |b KIS3GCP 
958 |a RK 
992 |a RBX 
999 |c 1476113  |d 1478043